000 nam a22 a 4500
999 _c4073
_d4073
003 AKMAL
005 20170525091215.0
008 170525s1997 my ao e i 001 0 may d
020 _a9679423603 (kkt.):
_cRM 17.50
040 _aAKMAL
082 0 4 _a928.9923 HAM
_222
090 0 0 _a928.9923
_bHAM
100 0 0 _aHamzah Hussin,
_d1927-
_97962
245 1 0 _aMemoir Hamzah Hussin :
_bdari Keris Film ke Studio Merdeka
260 _aBangi :
_bPenerbit Universiti Kebangsaan Malaysia,
_c1997
300 _a127ms. :
_bil. wrn. ;
_c23cm
500 _aMengandungi indeks
600 0 0 _aHamzah Hussein,
_d1927-
_97963
650 1 0 _aAuthors, Malay
_vBiography
_97964
650 2 0 _aFilm critics
_vBiography
_97965
650 2 0 _aMotion picture consultants
_vBiography
_97966
942 _2ddc
_cBOOK